| 000 | 00514nam a2200193 a 4500 | ||
|---|---|---|---|
| 001 | 3267 | ||
| 005 | 20140414131925.0 | ||
| 008 | 060215s19uu xx 00 eng d | ||
| 020 | _a0-7097-0846-7 | ||
| 050 |
_aER _bW66 1992 |
||
| 100 | _aSpurgeon, Maureen | ||
| 245 |
_aWillow: the witch's cat / _ctext by Maureen Spurgeon. |
||
| 260 |
_aEngland : _bBrown Watson, _c1992. |
||
| 300 | _ap. : ill. ; cm. | ||
| 440 | _aBedtime Books | ||
| 650 |
_aCats _xFiction. |
||
| 650 |
_aWitch _xFiction. |
||
| 999 |
_c111987 _d111987 |
||